| 000 | 00893nam a22003137a 4500 | ||
|---|---|---|---|
| 001 | BR9405465 | ||
| 003 | BR-BrBNA | ||
| 005 | 20230928094319.0 | ||
| 007 | ta | ||
| 008 | 230509b bl.||||| |||| 00| 0 por d | ||
| 040 |
_aBR-BrBNA _bpor _cBiblioteca Nacional de Agricultura |
||
| 041 | _a(Por) | ||
| 072 | _aE16; E12 | ||
| 090 | _ E16 BR9405465 | ||
| 110 | 1 |
_aSecretaria de Planejamento Agricola, Brasilia, DF (Brasil) _99007 |
|
| 245 | 1 | _aTipificacao dos estabelecimentos agropecuarios do estado de Pernambuco - 1980. Anexo 1.4 Tropic. Atlant./Transic/Caatinga | |
| 260 | 3 |
_aBrasilia, DF (Brasil): _c1980. |
|
| 300 | _a70 p. | ||
| 500 | _aNumerical data | ||
| 650 | _aTrabalho | ||
| 650 | _aSalario | ||
| 650 | _aInsumo | ||
| 650 | _aLavoura | ||
| 650 | _aPecuaria | ||
| 650 | _aRendimento | ||
| 650 | _aPernambuco | ||
| 909 |
_a202309 _bLucia _c55 _dLucia Elande |
||
| 942 | _cBK | ||
| 999 |
_c50010 _d50010 |
||